| 000 | 00537 a2200181 4500 | ||
|---|---|---|---|
| 020 | _a0521231515 | ||
| 040 |
_aDLC _bDLC |
||
| 082 | _a621.381 | ||
| 100 | 1 | 0 | _aHorowitz, Paul, |
| 245 | 1 | 4 |
_aThe art of electronics _cPaul Horowitz, Winfield Hill. |
| 260 | 0 |
_aCambridge, [Eng.] ; _aNew York : _bCambridge University Press, _c1980. |
|
| 300 |
_axviii, 716 p. : _bill. ; _c26 cm. |
||
| 500 | _aIncludes index. | ||
| 650 | 0 | _aElectronics. | |
| 650 | 0 | _aElectronic circuit design. | |
| 700 | 1 | 0 | _aHill, Winfield. |
| 942 |
_cBK _k621.381 HOR _2ddc |
||
| 999 |
_c7993 _d7993 |
||